000
00293nam a2200121Ia 4500
008
190216s9999||||xx |||||||||||||| ||und||
100
_a
Narendra K Sethi
245
0
_a
Management Perspectives
260
_b
New Central Book Agencies
_c
1972
300
_a
311p
650
_a
Commerce
942
_c
BK
999
_c
4177
_d
4177